000 00916nam a2200205 i 4500
001 60690
003 ES-MaACL
005 20231204172515.0
007 t|
008 031105s1955 sp ||||1| spa d
100 1 _aEsteve Barba, Francisco,
_d1908-1968
_948142
245 1 0 _aHistoria de la Cultura /
_cpor Francisco Esteve Barba.
250 _a[1ª ed.].
260 _aBarcelona :
_bSalvat,
_c[1955] (
_fImp. Hispano-Americana)
300 _a4 v. :
_bil. ;
_c25 cm.
505 8 _aContiene : T.I: Oriente y Europa en la Edad Antigua. -- T.II: Europa en la Edad Antigua (continuación) : orígenes del Cristianismo y Edad Media. -- T.III: Renacimiento y Barroco : el nuevo espíritu europeo. --- T.IV: El nuevo espíritu europeo (continuación) : desde el romanicismo a nuestros días
650 0 4 _aCivilización-
_xHistoria
_911082
852 _aES-MaACL
_jC-9848-51
_bR.38506
999 _c60690
_d60690